Металловедение и обработка цветных сплавов: Сборник научных статей

Detaylı Bibliyografya
Müşterek Yazar: Российская академия наук (РАН) Институт металлургии и материаловедения им. А. А. Байкова (ИМЕТ)
Özet:К 90- летию со дня рожд. ак. А. А. Бочвара.
Dil:Rusça
Baskı/Yayın Bilgisi: Москва, Наука, 1992
Konular:
Materyal Türü: MixedMaterials Kitap
KOHA link:https://koha.lib.tpu.ru/cgi-bin/koha/opac-detail.pl?biblionumber=32171

MARC

LEADER 00000nam0a2200000 4500
001 32171
005 20231030204754.0
010 |a 502001589X 
035 |a (RuTPU)RU\TPU\book\32467 
035 |a BOOK00000546 
090 |a 32171 
100 |a 20011210d1992 k y0rusy50 ca 
101 0 |a rus 
102 |a RU 
105 |a a 010|y 
200 1 |a Металловедение и обработка цветных сплавов  |e Сборник научных статей  |f Ин-т металлургии 
210 |a Москва  |c Наука  |d 1992 
215 |a 229 с.  |c ил. 
300 |a К 90- летию со дня рожд. ак. А. А. Бочвара. 
320 |a Библиогр. в конце статей 
610 1 |a металлургия 
610 1 |a металловедение 
610 1 |a цветные сплавы 
610 1 |a обработка 
610 1 |a свойства 
610 1 |a применение 
675 |a 669.2.018  |v 3 
712 0 2 |a Российская академия наук (РАН)  |b Институт металлургии и материаловедения им. А. А. Байкова (ИМЕТ)  |c (Москва)  |2 stltpush  |3 (RuTPU)RU\TPU\col\413 
801 0 |a RU  |b 63413507  |c 20011210  |g PSBO 
801 2 |a RU  |b 63413507  |c 20071126  |g PSBO 
942 |c BK